MARC details
| 000 -LEADER |
| fixed length control field |
02155cam a22003978i 4500 |
| 001 - CONTROL NUMBER |
| control field |
22652952 |
| 003 - CONTROL NUMBER IDENTIFIER |
| control field |
CSPC |
| 005 - DATE AND TIME OF LATEST TRANSACTION |
| control field |
20250717120409.0 |
| 008 - FIXED-LENGTH DATA ELEMENTS--GENERAL INFORMATION |
| fixed length control field |
220614s2022 mdu b 001 0 eng |
| 010 ## - LIBRARY OF CONGRESS CONTROL NUMBER |
| LC control number |
2022022170 |
| 020 ## - INTERNATIONAL STANDARD BOOK NUMBER |
| International Standard Book Number |
9781538115053 |
| Qualifying information |
(paperback) |
| 035 ## - SYSTEM CONTROL NUMBER |
| System control number |
22652952 |
| 040 ## - CATALOGING SOURCE |
| Original cataloging agency |
DLC |
| Language of cataloging |
eng |
| Description conventions |
rda |
| Transcribing agency |
DLC |
| Modifying agency |
CSPC |
| 042 ## - AUTHENTICATION CODE |
| Authentication code |
pcc |
| 050 00 - LIBRARY OF CONGRESS CALL NUMBER |
| Classification number |
Z678.9 |
| Item number |
.C59 2022 |
| 082 00 - DEWEY DECIMAL CLASSIFICATION NUMBER |
| Classification number |
025.00285 |
| Item number |
C676s |
| Edition number |
23/eng/20220621 |
| 100 1# - MAIN ENTRY--PERSONAL NAME |
| Personal name |
Colegrove, Tod, |
| Dates associated with a name |
1962- |
| Relator term |
author. |
| 245 10 - TITLE STATEMENT |
| Title |
Selecting and implementing technologies in libraries : |
| Remainder of title |
a primer / |
| Statement of responsibility, etc. |
Tod Colegrove. |
| 263 ## - PROJECTED PUBLICATION DATE |
| Projected publication date |
1111 |
| 264 #1 - PRODUCTION, PUBLICATION, DISTRIBUTION, MANUFACTURE, AND COPYRIGHT NOTICE |
| Place of production, publication, distribution, manufacture |
Lanham, Maryland : |
| Name of producer, publisher, distributor, manufacturer |
Rowman & Littlefield, |
| Date of production, publication, distribution, manufacture, or copyright notice |
2022. |
| 300 ## - PHYSICAL DESCRIPTION |
| Extent |
xv, 129 pages : |
| Other physical details |
illustrations ; |
| Dimensions |
23 cm. |
| 336 ## - CONTENT TYPE |
| Content type term |
text |
| Content type code |
txt |
| Source |
rdacontent |
| 337 ## - MEDIA TYPE |
| Media type term |
unmediated |
| Media type code |
n |
| Source |
rdamedia |
| 338 ## - CARRIER TYPE |
| Carrier type term |
volume |
| Carrier type code |
nc |
| Source |
rdacarrier |
| 490 0# - SERIES STATEMENT |
| Series statement |
LITA guides |
| 504 ## - BIBLIOGRAPHY, ETC. NOTE |
| Bibliography, etc. note |
Includes bibliographical references and index. |
| 505 0# - FORMATTED CONTENTS NOTE |
| Formatted contents note |
Libraries and technology -- An overview of the working framework -- Community engagement and designing for change -- Selecting and implementing leading-edge technologies in libraries -- Budgeting for technology in libraries -- Policy, ethics, and technology -- Putting it all together and future-proofing the library. |
| 520 ## - SUMMARY, ETC. |
| Summary, etc. |
"This book will address a functional gap in the literature, establishing a framework by which practitioners can more effectively-and successfully-select, implement, and eventually migrate away from key technological services of the library"-- |
| Assigning source |
Provided by publisher. |
| 650 #0 - SUBJECT ADDED ENTRY--TOPICAL TERM |
| Topical term or geographic name entry element |
Libraries |
| General subdivision |
Information technology. |
| 650 #0 - SUBJECT ADDED ENTRY--TOPICAL TERM |
| Topical term or geographic name entry element |
Library science |
| General subdivision |
Technological innovations. |
| 776 08 - ADDITIONAL PHYSICAL FORM ENTRY |
| Relationship information |
Online version: |
| Main entry heading |
Colegrove, Tod, 1962- |
| Title |
Selecting and implementing technologies in libraries |
| Place, publisher, and date of publication |
Lanham : Rowman & Littlefield, [2022] |
| International Standard Book Number |
9781538115060 |
| Record control number |
(DLC) 2022022171 |
| 906 ## - LOCAL DATA ELEMENT F, LDF (RLIN) |
| a |
0 |
| b |
vip |
| c |
orignew |
| d |
1 |
| e |
ecip |
| f |
20 |
| g |
y-gencatlg |
| 942 ## - ADDED ENTRY ELEMENTS (KOHA) |
| Source of classification or shelving scheme |
Dewey Decimal Classification |
| Koha item type |
Books |
| Edition |
23 |
| Classification part |
025.00285 |
| Item part |
C676s |
| Call number prefix |
CIR |
| Call number suffix |
2022 |
| Suppress in OPAC |
No |